书目信息 |
| 题名: |
阅江南
|
|
| 作者: | 刘大威 , 章小刚 , 刘大威、张小刚 主编 | |
| 分册: | ||
| 出版信息: | 北京 中国建筑工业出版社 2021.12 |
|
| 页数: | XIII, 179页 | |
| 开本: | 22cm | |
| 丛书名: | ||
| 单 册: | ||
| 中图分类: | TU-092.95 | |
| 科图分类: | ||
| 主题词: | 建筑文化--jian zhu wen hua--华东地区 | |
| 电子资源: | ||
| ISBN: | 978-7-112-27014-9 | |
| 000 | 01147nam0 2200253 450 | |
| 001 | 26626 | |
| 005 | 20220920153625.43 | |
| 010 | @a978-7-112-27014-9@dCNY68.00 | |
| 100 | @a20220307d2021 em y0chiy50 ea | |
| 101 | 0 | @achi |
| 102 | @aCN@b110000 | |
| 105 | @aa z 000yy | |
| 200 | 1 | @a阅江南@Ayue jiang nan@f刘大威、张小刚主编@Fliu da wei、zhang xiao gang zhu bian |
| 210 | @a北京@c中国建筑工业出版社@d2021.12 | |
| 215 | @aXIII, 179页@c彩图@d22cm | |
| 314 | @a封面折页题: 刘大威, 章小刚主编 | |
| 330 | @a本书内容包括: 筑 ; 意 ; 品 ; 味。具体内容包括: 在江苏, 何不“阅江南” ; 史上的江南心中的江南 ; 玉山草堂与乡野园林 ; 巧做叠嶂方寸间 —— 扬派叠石与造山 ; 南半园修复记 ; 水村山郭酒旗风 —— 绘画中的寺塔隐喻 ; 至柔者至刚 ; 最近的乌江 ; 魅力江南的“器”与“道” ; 曲韵园境 —— 江南文化的境界表达 ; 诗情画意绘江南 ; 赏心乐事谁家院等。 | |
| 606 | 0 | @a建筑文化@Ajian zhu wen hua@y华东地区 |
| 690 | @aTU-092.95@v5 | |
| 701 | 0 | @a刘大威@Aliu da wei@4主编 |
| 701 | 0 | @a章小刚@Azhang xiao gang@4主编 |
| 701 | 0 | @a刘大威、张小刚@Aliu da wei、zhang xiao gang@4主编 |
| 801 | 0 | @aCN@c20220910 |
| 905 | @a河南城建学院图书馆@dTU-092.95@eL600@f2 | |
| 阅江南/刘大威、张小刚主编.-北京:中国建筑工业出版社,2021.12 |
| XIII, 179页:彩图;22cm |
| ISBN 978-7-112-27014-9:CNY68.00 |
| 本书内容包括: 筑 ; 意 ; 品 ; 味。具体内容包括: 在江苏, 何不“阅江南” ; 史上的江南心中的江南 ; 玉山草堂与乡野园林 ; 巧做叠嶂方寸间 —— 扬派叠石与造山 ; 南半园修复记 ; 水村山郭酒旗风 —— 绘画中的寺塔隐喻 ; 至柔者至刚 ; 最近的乌江 ; 魅力江南的“器”与“道” ; 曲韵园境 —— 江南文化的境界表达 ; 诗情画意绘江南 ; 赏心乐事谁家院等。 |
| ● |
| 相关链接 |
|
|
|
正题名:阅江南
索取号:TU-092.95/L600
 
预约/预借
| 序号 | 登录号 | 条形码 | 馆藏地/架位号 | 状态 | 备注 |
| 1 | 1577913 | 215779138 | 建筑库101/101建筑库 8排2列3层/ [索取号:TU-092.95/L600] | 在馆 | |
| 2 | 1577914 | 215779147 | 建筑库101/101建筑库 8排2列3层/ [索取号:TU-092.95/L600] | 在馆 |